00870nam a22002653 450000100060000000300080000600500170001400800350003103500190006604000350008504100080012008200130012810000280014124500430016926000600021230000250027249000260029769000530032383000150037675200200039183000280041194200120043999900170045195201360046820667BD-RjUL20211209000608.0140302r19541907enk 000 0 a(BD-RjUL)20729 aBD-RjULbengcBD-RjULdBD-RjUL aeng a828bGAP1 aGatty, Margaret.96377110aParables from nature /cMargaret Gatty aLond. &c. :c1907 [reprinted 1954]bDept and sons ltd., axii, 302 p. ;c17cm.1 aEveryman's libr.v15800aTheologyxReligious fictionxParables2pre20927 0v158963774 aEnglanddLondon 0aEveryman's libr.963775 2ddccBK c20667d20667 00102ddc40728FICaRUCLbRUCLcReadingd1955-09-08eBlack wellg55.00l0o828 GAP 1954r2014-03-02 00:00:00tC-1w2014-03-02yBK